| 000 | 01229nam2a2200253 4500 | ||
|---|---|---|---|
| 001 | RU\NLR\bibl\1111862 | ||
| 005 | 20250615061827.0 | ||
| 021 |
_aRU _b2007-40186 _92154 |
||
| 035 | _a(NLR Aleph) 001098897 | ||
| 090 |
_a1165554 _c1165554 |
||
| 100 | _a20070723d2007 |||y0rusy50 ca | ||
| 101 | 0 | _arus | |
| 102 | _aRU | ||
| 105 | _ay ||||||||| | ||
| 200 | 0 |
_aВып. 5 _f[сост.: Н.Н. Белоусова, З.М. Салазкина] |
|
| 210 |
_d2007 _aБ. м. |
||
| 215 | _a576 с. | ||
| 461 | 0 |
_1001RU\NLR\bibl\907569 _12001#$aСборник нормативных документов по подготовке материальной базы образовательных учреждений$vВып. 5 _91747572 _cМосква _d2005 _fДеп. образования города Москвы _nЦентр "Школьная книга" _tСборник нормативных документов по подготовке материальной базы образовательных учреждений _vВып. 5 |
|
| 702 | 1 |
_aБелоусова _bН. Н. _gНаталия Николаевна _4220 |
|
| 801 | 0 |
_aRU _bNLR _c20070723 _gRCR |
|
| 801 | 1 |
_aRU _bNLR _c20070723 |
|
| 942 | _cBOOK | ||
| 980 | _aNB | ||